[Reproducció d'alguns films de 16 mm a DVD] [Enregistrament de vídeo]
Descripción Física:
1 disc òptic (DVD) 6 min : b/n, col., sense so
MARC
| LEADER | 00000nam a2200000Ia 4500 | ||
|---|---|---|---|
| 001 | 21157 | ||
| 008 | 160829s2008 xx 000 0 cat d | ||
| 080 | |a CD-2-20 | ||
| 245 | |a [Reproducció d'alguns films de 16 mm a DVD] [Enregistrament de vídeo] | ||
| 260 | |a [s.l. : |b s.n.], |c 2008 | ||
| 300 | |a 1 disc òptic (DVD) 6 min : |b b/n, col., sense so | ||
| 590 | |a Conté 5 pel·lícules. | ||
| 590 | |a Realitzada per l'empresa Salvador Serra, gener 2009. | ||
| 590 | |a El contingut detallat de les pel·lícules es troba a la base de dades M:\ArxiuH\Audiovis (cercar per topogràfic) | ||
| 901 | |a Arxiu | ||
| 942 | |n 1 | ||
| 952 | |0 0 |1 0 |4 0 |6 CD220 |7 1 |9 51254 |a Arxiu |b Arxiu |d 2016-12-01 |l 0 |o CD-2-20 |p 21157 |r 2016-12-01 00:00:00 |w 2016-12-01 |y ARXIU | ||
| 999 | |c 55097 |d 55097 | ||